|
|
|
|
| LEADER |
01543nam a2200349 i 4500 |
| 001 |
35113 |
| 003 |
BD-DhAAL |
| 005 |
20211118111104.0 |
| 008 |
190808t2017 enka b 001 0 eng d |
| 999 |
|
|
|c 40831
|d 40831
|
| 010 |
|
|
|a 2015011856
|
| 020 |
|
|
|a 9781138038820 (paperback : alk. paper)
|
| 020 |
|
|
|a 9780415813297 (hardback : alk. paper)
|
| 040 |
|
|
|a DLC
|b eng
|c DLC
|e rda
|d DLC
|d BD-DhAAL
|
| 042 |
|
|
|a pcc
|
| 050 |
0 |
0 |
|a NA500
|b .T315 2015
|
| 082 |
0 |
0 |
|a 724
|2 23
|
| 100 |
1 |
|
|a Tadgell, Christopher,
|d 1939-
|9 33439
|
| 245 |
1 |
0 |
|a Modernity :
|b Enlightenment and Revolution - ideal and unforeseen consequence /
|c Christopher Tadgell.
|
| 260 |
|
|
|a London ;
|a New York :
|b Routledge,
|c c2017
|
| 300 |
|
|
|a viii, 1002 pages :
|b illustrations ;
|c 22 cm.
|
| 490 |
0 |
|
|a Architecture in context ;
|v vii
|
| 504 |
|
|
|a Includes bibliographical references (pages 984-985) and index.
|
| 526 |
|
|
|a ARC
|
| 541 |
|
|
|a Trim Education
|e 35113, 35114
|
| 650 |
|
0 |
|a Architecture, Modern.
|9 33440
|
| 650 |
|
0 |
|a Architecture and society.
|9 33441
|
| 650 |
|
0 |
|a Architecture.
|9 42783
|
| 852 |
|
|
|a Ayesha Abed Library
|c General Stacks
|
| 942 |
|
|
|2 ddc
|c BK
|
| 952 |
|
|
|0 0
|1 0
|2 ddc
|4 0
|6 724_000000000000000_TAD
|7 0
|9 65970
|a BRACUL
|b BRACUL
|c GEN
|d 2019-07-28
|e Trim Education
|g 3460.00
|l 0
|o 724 TAD
|p 3010035114
|r 2019-07-28
|t 2
|v 3460.00
|w 2019-07-28
|y BK
|x Transferred from ARC to BRACUL on 28/12/2023
|
| 952 |
|
|
|0 0
|1 0
|2 ddc
|4 0
|6 724_000000000000000_TAD
|7 0
|9 65971
|a BRACUL
|b BRACUL
|c GEN
|d 2019-07-28
|e Trim Education
|g 3460.00
|l 0
|o 724 TAD
|p 3010035113
|r 2019-07-28
|t 1
|v 3460.00
|w 2019-07-28
|y BK
|